书目信息 |
| 题名: |
戏曲电视剧美学
|
|
| 作者: | 杨桦 著 | |
| 分册: | ||
| 出版信息: | 成都 四川大学出版社 2004 |
|
| 页数: | 221页 | |
| 开本: | 20cm | |
| 丛书名: | ||
| 单 册: | ||
| 中图分类: | J901 | |
| 科图分类: | ||
| 主题词: | 戏曲--电视剧--艺术美学 | |
| 电子资源: | ||
| ISBN: | 7-5614-2802-2 | |
| 000 | 00705nam0 2200241 450 | |
| 001 | 05002689651 | |
| 005 | 20050927101822.10 | |
| 010 | @a7-5614-2802-2@dCNY18.00 | |
| 100 | @a20050114d2004 ekmy0chiy0120 ea | |
| 101 | 0 | @achi |
| 102 | @aCN@b510000 | |
| 105 | @ay az 000yy | |
| 200 | 1 | @a戏曲电视剧美学@9xi qu dian shi ju mei xue@f杨桦著@Fyang hua zhu |
| 210 | @a成都@c四川大学出版社@d2004 | |
| 215 | @a221页@d20cm | |
| 320 | @a有书目 | |
| 330 | @a本书分为六章,包括本体论、剧本论、表演、音乐与造型、现代性以及文化特性等内容。 | |
| 606 | 0 | @a戏曲@x电视剧@x艺术美学 |
| 690 | @aJ901@v4 | |
| 701 | 0 | @a杨桦@Ayang hua@4著 |
| 801 | 0 | @aCN@bTSSF@c20050927 |
| 905 | @a10447@dJ901@e110 | |
| 999 | @aHSJ | |
| 戏曲电视剧美学/杨桦著.-成都:四川大学出版社,2004 |
| 221页;20cm |
| ISBN 7-5614-2802-2:CNY18.00 |
| 本书分为六章,包括本体论、剧本论、表演、音乐与造型、现代性以及文化特性等内容。 |
| ● |
| 相关链接 |
|
|
|
|
正题名:戏曲电视剧美学
索取号:J901/110
 
预约/预借
| 序号 | 登录号 | 条形码 | 馆藏地/架位号 | 状态 | 备注 |
| 1 | 0363265 | 3632652 | 第一样本阅览室/ [索取号:J901/110] | 在馆 | |
| 2 | 0363266 | 3632661 | 第一借阅区/ [索取号:J901/110] | 在馆 | |
| 3 | 0363267 | 3632670 | 第一借阅区/ [索取号:J901/110] | 在馆 | |
| 4 | 0363268 | 3632689 | 第一借阅区/ [索取号:J901/110] | 在馆 | |
| 5 | 0363269 | 3632698 | 第一借阅区/ [索取号:J901/110] | 在馆 |